[Event "Rated Blitz tournament UgkPQvYa"]
[Site "?"]
[Date "2021.02.28"]
[Round "?"]
[White "jmcapoi"]
[Black "ChessMeraki"]
[Result "0-1"]
[WhiteElo "2289"]
[BlackElo "2401"]
[PlyCount "96"]
[EventDate "2021.??.??"]
[EventType "blitz"]

1. e4 e5 2. Nf3 d5 3. exd5 e4 4. Qe2 Nf6 5. Nc3 Be7 6. Nxe4 Nxd5 7. d3 O-O 8.
Be3 f5 9. Nc3 Bb4 10. Qd2 f4 11. Bd4 c5 12. Be5 Nc6 13. a3 Ba5 14. Be2 Nxe5 15.
Nxe5 Nxc3 16. bxc3 Qf6 17. d4 cxd4 18. Qxd4 Rd8 19. Qc4+ Be6 20. Qc5 Bb6 21.
Qb5 Rac8 22. Rd1 Rxd1+ 23. Bxd1 Bc7 24. Nd3 Qxc3+ 25. Kf1 Qd2 26. Bf3 Qxc2 27.
Be4 Qd1+ 28. Ne1 Ba5 29. Qe2 Bc4 30. Bd3 Bxd3 31. g3 Qxe2+ 32. Kg2 f3+ 33. Kh3
Qe6+ 34. g4 Bd8 35. Nxf3 Qf6 36. Kg3 Be4 37. Ne1 Bc7+ 38. Kh3 Qxf2 39. a4 Bxh1
40. g5 Qxe1 41. Kg4 Qf2 42. g6 Qf3+ 43. Kg5 Bf4+ 44. Kf5 Rc5+ 45. Ke6 Qe4+ 46.
Kd7 Qd5+ 47. Ke7 Rc7+ 48. Ke8 Qd7# {Normal} 0-1

[Event "Rated Blitz game"]
[Site "?"]
[Date "2021.02.28"]
[Round "?"]
[White "Bierpower"]
[Black "Blind2250"]
[Result "1-0"]
[WhiteElo "2415"]
[BlackElo "2368"]
[PlyCount "107"]
[EventDate "2021.??.??"]
[EventType "blitz"]

1. e4 e5 2. Nf3 d5 3. d4 dxe4 4. Nxe5 Bd6 5. Nc4 Nf6 6. Nxd6+ Qxd6 7. Be2 O-O
8. Be3 Nc6 9. c3 Bf5 10. Nd2 Nd5 11. Nc4 Qe7 12. Qd2 Bg6 13. h4 h6 14. g4 Rad8
15. O-O-O b5 16. h5 Bh7 17. Na3 b4 18. Nc4 bxc3 19. bxc3 Na5 20. Nxa5 Qa3+ 21.
Qb2 Qxa5 22. Kd2 Rb8 23. Qc2 Nxc3 24. Ke1 Nxd1+ 25. Kxd1 Rfd8 26. Bc4 c5 27. d5
Rb4 28. Ke2 Kh8 29. Qc3 Qa4 30. Rc1 f5 31. gxf5 Bxf5 32. Bxc5 Bg4+ 33. Ke3 Rb7
34. Bd4 Qd7 35. Rg1 Qf5 36. Kd2 Rc8 37. d6 Rd7 38. Rg3 Kh7 39. Re3 Bxh5 40. Be5
Bg6 41. Qd4 Rc6 42. Be2 Qf8 43. Qc3 Rcxd6+ 44. Bd4 Rxd4+ 45. Qxd4 Rxd4+ 46. Bd3
Qc5 47. Rxe4 Qd5 48. Rxd4 Qxd4 49. Ke2 Qxd3+ 50. Ke1 Qa3 51. f3 Qxa2 52. f4 Qb3
53. f5 Qd5 54. Kf2 {Time forfeit} 1-0

[Event "Rated Blitz tournament 4Hc2Y0Wq"]
[Site "?"]
[Date "2021.02.28"]
[Round "?"]
[White "aisa86"]
[Black "om_gendut"]
[Result "0-1"]
[WhiteElo "2453"]
[BlackElo "2400"]
[PlyCount "34"]
[EventDate "2021.??.??"]
[EventType "blitz"]

1. e4 e5 2. Nf3 d5 3. exd5 e4 4. Qe2 Be7 5. Qxe4 Nf6 6. Qd4 O-O 7. Bd3 Nxd5 8.
O-O Nc6 9. Qe4 Nf6 10. Qh4 h6 11. Nc3 Nd5 12. Qe4 Nf6 13. Qe2 Bg4 14. Ne4 Nd4
15. Nxf6+ Bxf6 16. Qe4 Bf5 17. Qxd4 Bxd4 {Normal} 0-1

[Event "Rated Blitz game"]
[Site "?"]
[Date "2021.02.28"]
[Round "?"]
[White "biagiobiagin92"]
[Black "pasha1984"]
[Result "1/2-1/2"]
[WhiteElo "2368"]
[BlackElo "2402"]
[PlyCount "137"]
[EventDate "2021.??.??"]
[EventType "blitz"]

1. e4 e5 2. Nf3 d5 3. exd5 e4 4. Nd4 Nf6 5. Nc3 c6 6. Be2 Bc5 7. Nb3 Bb6 8.
dxc6 Nxc6 9. O-O O-O 10. d3 Bf5 11. dxe4 Nxe4 12. Nxe4 Bxe4 13. Qxd8 Raxd8 14.
c3 Rfe8 15. Re1 a5 16. Bf4 a4 17. Nd2 Bf5 18. Nc4 Bc5 19. Bf3 Be6 20. Bxc6 bxc6
21. Ne5 Bd5 22. c4 f6 23. cxd5 fxe5 24. Rxe5 Rxe5 25. Bxe5 Rxd5 26. Bc3 Rf5 27.
Rf1 Kf7 28. g3 g5 29. Kg2 g4 30. f3 gxf3+ 31. Rxf3 Ke6 32. Rxf5 Kxf5 33. Kf3 h5
34. h3 Bd6 35. g4+ hxg4+ 36. hxg4+ Kg5 37. Bd2+ Kg6 38. Ke4 Be7 39. Kd4 Bf6+
40. Kc5 Bxb2 41. Kxc6 a3 42. Kb5 Kf6 43. Kc4 Kg6 44. Kd3 Kf6 45. Bf4 Kg6 46.
Ke4 Kf6 47. Bd6 Kg6 48. Kf3 Kg5 49. Bb4 Kg6 50. Bd2 Kf6 51. Bf4 Kg6 52. Ke4 Kf6
53. Kd3 Kg6 54. Kc2 Kf6 55. Bc1 Bxc1 56. Kxc1 Kg5 57. Kc2 Kxg4 58. Kb3 Kf5 59.
Kxa3 Ke6 60. Kb4 Kd7 61. Kb5 Kc8 62. Ka6 Kb8 63. a3 Ka8 64. Kb6 Kb8 65. Ka6 Ka8
66. Kb5 Kb8 67. Ka5 Ka8 68. Kb6 Kb8 69. Ka6 {Normal} 1/2-1/2

[Event "Rated Blitz game"]
[Site "?"]
[Date "2021.02.27"]
[Round "?"]
[White "Doenertello"]
[Black "GKyrey"]
[Result "1-0"]
[WhiteElo "2403"]
[BlackElo "2311"]
[PlyCount "49"]
[EventDate "2021.??.??"]
[EventType "blitz"]

1. e4 e5 2. Nf3 d5 3. d4 dxe4 4. Nxe5 Bd6 5. Bf4 Nf6 6. Bc4 O-O 7. O-O Nbd7 8.
Nc3 Nb6 9. Bb3 a5 10. a4 Bf5 11. Re1 c5 12. dxc5 Bxc5 13. Qe2 Qe7 14. Rad1 Rad8
15. Rxd8 Qxd8 16. Qb5 Qd4 17. Be3 Qxe5 18. Qxc5 Qxc5 19. Bxc5 Nbd7 20. Bxf8
Kxf8 21. Nb5 Nc5 22. Nd6 Nxb3 23. Nxf5 Nc5 24. b3 Nd5 25. Rd1 {Normal} 1-0

[Event "Rated Blitz game"]
[Site "?"]
[Date "2021.02.27"]
[Round "?"]
[White "TheRedKing89"]
[Black "KamranShirazi"]
[Result "1-0"]
[WhiteElo "2640"]
[BlackElo "2530"]
[PlyCount "73"]
[EventDate "2021.??.??"]
[EventType "blitz"]

1. e4 e5 2. Nf3 d5 3. d4 dxe4 4. Nxe5 Nd7 5. Nc4 Ngf6 6. Nc3 Be7 7. g3 Nb6 8.
Ne3 c6 9. Bg2 Bb4 10. O-O Bxc3 11. bxc3 O-O 12. c4 Re8 13. c5 Nbd5 14. c4 Nb4
15. Bb2 Nd3 16. Bc3 h5 17. Rb1 Ng4 18. Nxg4 Bxg4 19. f3 exf3 20. Bxf3 Re3 21.
Bxg4 hxg4 22. Qxg4 Nxc5 23. dxc5 Rxc3 24. Rxb7 Qf8 25. Qf5 Rxc4 26. Qxf7+ Qxf7
27. Rfxf7 Rg4 28. Rfc7 Rd8 29. Rxa7 Rd2 30. a4 Rc2 31. a5 Rxc5 32. a6 Ra5 33.
Rxc6 Ra2 34. Rcc7 Rg6 35. Rf7 Kh7 36. Rfe7 Kh6 37. Re4 {Time forfeit} 1-0

[Event "Rated Blitz game"]
[Site "?"]
[Date "2021.02.27"]
[Round "?"]
[White "Glidzhian_Gor"]
[Black "magos33"]
[Result "1-0"]
[WhiteElo "2585"]
[BlackElo "2372"]
[PlyCount "37"]
[EventDate "2021.??.??"]
[EventType "blitz"]

1. e4 e5 2. Nf3 d5 3. d4 dxe4 4. Nxe5 Bd6 5. Bf4 Nf6 6. Bc4 O-O 7. O-O Qe7 8.
Nc3 Be6 9. Bb3 Bxb3 10. axb3 Nbd7 11. Nxd7 Qxd7 12. Bg5 Be7 13. Re1 Rad8 14.
Rxa7 b6 15. h3 Qxd4 16. Qxd4 Rxd4 17. Rxc7 Bb4 18. Bxf6 Bxc3 19. bxc3 {Normal}
1-0

[Event "Rated Rapid game"]
[Site "?"]
[Date "2021.02.27"]
[Round "?"]
[White "mamadouwin"]
[Black "BigTy"]
[Result "1-0"]
[WhiteElo "2736"]
[BlackElo "2369"]
[PlyCount "31"]
[EventDate "2021.??.??"]
[EventType "rapid"]

1. e4 e5 2. Nf3 d5 3. exd5 Bd6 4. Nc3 Nf6 5. Bb5+ c6 6. dxc6 bxc6 7. Bd3 O-O 8.
O-O Nd5 9. Re1 Nd7 10. Ne4 Be7 11. Ng3 Bd6 12. b3 Nf4 13. Bf1 Re8 14. d4 exd4
15. Rxe8+ Qxe8 16. Qxd4 {Normal} 1-0

[Event "Rated Blitz game"]
[Site "?"]
[Date "2021.02.27"]
[Round "?"]
[White "Webmc3"]
[Black "specialprize4u"]
[Result "1/2-1/2"]
[WhiteElo "2413"]
[BlackElo "2315"]
[PlyCount "29"]
[EventDate "2021.??.??"]
[EventType "blitz"]

1. e4 e5 2. Nf3 d5 3. exd5 e4 4. Ne5 Qxd5 5. d4 Bd6 6. Nc3 Qe6 7. Nc4 Nf6 8.
Be3 Bb4 9. d5 Nxd5 10. Bd4 Nc6 11. Bxg7 Rg8 12. a3 Rxg7 13. axb4 Ncxb4 14. Nxd5
Nxd5 15. Qd4 {Normal} 1/2-1/2

[Event "Rated Blitz game"]
[Site "?"]
[Date "2021.02.27"]
[Round "?"]
[White "Manu94"]
[Black "liaqat321"]
[Result "1/2-1/2"]
[WhiteElo "2407"]
[BlackElo "2272"]
[PlyCount "121"]
[EventDate "2021.??.??"]
[EventType "blitz"]

1. e4 e5 2. Nf3 d5 3. d4 dxe4 4. Nxe5 Bd6 5. Bc4 Bxe5 6. Qh5 Qe7 7. Qxe5 Qxe5
8. dxe5 Nc6 9. Nc3 Bf5 10. Bg5 Nxe5 11. Bb3 Nf6 12. O-O-O O-O 13. Rhe1 Bg4 14.
f3 exf3 15. Rxe5 fxg2 16. Rg1 Rae8 17. Bxf6 gxf6 18. Rxe8 Rxe8 19. Rxg2 f5 20.
h3 h5 21. hxg4 hxg4 22. Nd5 Re5 23. Nf4 Kg7 24. c3 Kf6 25. Bc2 Kg5 26. Nd3 Re3
27. Kd2 Rh3 28. Nf2 Rh6 29. Bxf5 Kxf5 30. Nxg4 Rh4 31. Ne3+ Ke4 32. Rf2 Rf4 33.
Rxf4+ Kxf4 34. Ke2 Ke4 35. Nc4 b5 36. Na5 a6 37. Nc6 f5 38. Nb4 a5 39. Nc6 a4
40. Nd4 b4 41. Nxf5 bxc3 42. Ng3+ Kf4 43. bxc3 Kxg3 44. Kd3 Kf4 45. Kd4 a3 46.
c4 Kf3 47. c5 Ke2 48. Kc3 Ke3 49. Kc4 Kd2 50. Kb3 Kd3 51. Kb4 Kd4 52. Kb5 Kc3
53. Kc6 Kb2 54. Kxc7 Kxa2 55. Kd6 Kb1 56. c6 a2 57. c7 a1=Q 58. c8=Q Qd4+ 59.
Ke7 Qe5+ 60. Qe6 Qxe6+ 61. Kxe6 {Normal} 1/2-1/2

[Event "Rated Blitz game"]
[Site "?"]
[Date "2021.02.27"]
[Round "?"]
[White "indianarmy1st"]
[Black "CHRIS_GAYLE_01"]
[Result "1-0"]
[WhiteElo "2572"]
[BlackElo "2204"]
[PlyCount "53"]
[EventDate "2021.??.??"]
[EventType "blitz"]

1. e4 e5 2. Nf3 d5 3. d4 dxe4 4. Nxe5 Nf6 5. Bc4 Be6 6. Bxe6 fxe6 7. O-O Bd6 8.
f4 exf3 9. Qxf3 Bxe5 10. dxe5 Qd4+ 11. Be3 Qxe5 12. Nc3 O-O 13. Rae1 Nc6 14.
Bf4 Qc5+ 15. Kh1 Nd5 16. Nxd5 Qxd5 17. Qg3 Kh8 18. Bxc7 Rxf1+ 19. Rxf1 Qc4 20.
Rf7 Rg8 21. h3 Nd4 22. Be5 Nf5 23. Qf2 Qh4 24. Rxf5 Qxf2 25. Rxf2 h5 26. Rf7
Rc8 27. Rxg7 {Normal} 1-0

[Event "Rated Blitz game"]
[Site "?"]
[Date "2021.02.27"]
[Round "?"]
[White "NormWeinstein"]
[Black "annaly1979"]
[Result "0-1"]
[WhiteElo "2433"]
[BlackElo "2296"]
[PlyCount "54"]
[EventDate "2021.??.??"]
[EventType "blitz"]

1. e4 e5 2. Nf3 d5 3. d4 dxe4 4. Nxe5 Bd6 5. Bf4 Nf6 6. Be2 O-O 7. O-O Nc6 8.
Nc3 Bf5 9. f3 exf3 10. Bxf3 Bg6 11. Bxc6 bxc6 12. Nxc6 Qe8 13. Ne5 Rb8 14. Nxg6
hxg6 15. Bxd6 cxd6 16. b3 Qe3+ 17. Kh1 Qxc3 18. Rf3 Qc6 19. c4 Qe4 20. d5 Rfe8
21. h3 Nh5 22. Qd2 Qe5 23. Rd1 Ng3+ 24. Kg1 Ne4 25. Qe3 f5 26. Qxa7 Nc3 27.
Rdf1 Ra8 {Normal} 0-1

[Event "Rated Blitz game"]
[Site "?"]
[Date "2021.02.27"]
[Round "?"]
[White "Zeligman"]
[Black "KamranShirazi"]
[Result "0-1"]
[WhiteElo "2360"]
[BlackElo "2506"]
[PlyCount "80"]
[EventDate "2021.??.??"]
[EventType "blitz"]

1. e4 e5 2. Nf3 d5 3. exd5 e4 4. Qe2 f5 5. d3 Nf6 6. Nfd2 Be7 7. dxe4 O-O 8.
Nc3 fxe4 9. Ndxe4 Nxe4 10. Nxe4 Bf5 11. Qc4 Bb4+ 12. Qxb4 Bxe4 13. Be3 Bxd5 14.
O-O-O a5 15. Qb5 c6 16. Qxb7 Nd7 17. Rxd5 cxd5 18. Qxd5+ Kh8 19. Bb5 Nf6 20.
Qxd8 Raxd8 21. c4 Ng4 22. Bb6 Rb8 23. c5 Nxf2 24. Re1 h6 25. a4 Rf4 26. Bxa5
Ra8 27. Bc7 Rfxa4 28. Re7 Rb4 29. Bc6 Rc4+ 30. Kd2 Rf8 31. Be5 Rg8 32. Bd5 Rxc5
33. Bxg8 Ne4+ 34. Ke3 Nf6 35. Bxf6 gxf6 36. Be6 Rc2 37. b4 Rxg2 38. Kd4 Rxh2
39. b5 Rh5 40. Bd5 Rh4+ {Time forfeit} 0-1

[Event "Rated Blitz tournament H0Uvdznj"]
[Site "?"]
[Date "2021.02.27"]
[Round "?"]
[White "AFunder"]
[Black "batasjon"]
[Result "1-0"]
[WhiteElo "2577"]
[BlackElo "2336"]
[PlyCount "75"]
[EventDate "2021.??.??"]
[EventType "blitz"]

1. e4 e5 2. Nf3 d5 3. exd5 e4 4. Qe2 Nf6 5. d3 Qxd5 6. Nbd2 Nc6 7. dxe4 Qh5 8.
Qb5 Bc5 9. Be2 a6 10. Qc4 Be6 11. Qc3 O-O-O 12. e5 Bb4 13. Qe3 Ng4 14. Qf4 h6
15. c3 g5 16. Qg3 Bc5 17. O-O Qg6 18. h3 h5 19. hxg4 hxg4 20. Nh2 Qh5 21. Ne4
Ba7 22. Nf6 Qh6 23. Nfxg4 Qg7 24. Nf6 Rh4 25. Bxg5 Rxh2 26. Kxh2 Rh8+ 27. Kg1
Ne7 28. Nh5 Qf8 29. Bxe7 Qxe7 30. Nf6 Qf8 31. Bg4 Qh6 32. Qh3 Qg7 33. Bxe6+
fxe6 34. Qxe6+ Kb8 35. Rfd1 Qh6 36. Qh3 Qg7 37. Qg4 Qh6 38. Kf1 {Time forfeit}
1-0

[Event "Rated Blitz tournament 8eiPT1b9"]
[Site "?"]
[Date "2021.02.27"]
[Round "?"]
[White "YSA_kbpl"]
[Black "GrandeGila"]
[Result "1/2-1/2"]
[WhiteElo "2348"]
[BlackElo "2462"]
[PlyCount "135"]
[EventDate "2021.??.??"]
[EventType "blitz"]

1. e4 e5 2. Nf3 d5 3. exd5 e4 4. Ne5 Qxd5 5. d4 exd3 6. Nxd3 Bf5 7. Nc3 Qe6+ 8.
Qe2 Nc6 9. Qxe6+ Bxe6 10. Bf4 O-O-O 11. O-O-O Nf6 12. Be2 Nd4 13. h3 h6 14. Be5
Nxe2+ 15. Nxe2 Bd6 16. Nef4 Bf5 17. Bxd6 Rxd6 18. Ne5 Rf8 19. f3 g5 20. g4 Bxc2
21. Rxd6 cxd6 22. Kxc2 dxe5 23. Nd3 Nd7 24. Re1 f6 25. Nb4 Nb6 26. Kd3 Rd8+ 27.
Ke3 Rd4 28. Nc2 Nc4+ 29. Kf2 Rd2+ 30. Re2 Rxe2+ 31. Kxe2 Nxb2 32. Ne3 Kd7 33.
Nf5 Ke6 34. Nxh6 Na4 35. Kd2 Nc5 36. Nf5 b5 37. Ng7+ Kd5 38. Ne8 Nd7 39. Nc7+
Kc6 40. Ne6 a5 41. a3 Kd5 42. Nc7+ Kc4 43. Kc2 b4 44. axb4 axb4 45. Ne8 Kd4 46.
Kd2 b3 47. Nd6 Nc5 48. Nb5+ Kc4 49. Nc7 b2 50. Kc2 Kd4 51. Kxb2 Ke3 52. Kc3
Kxf3 53. Kc4 Nd7 54. Kd5 e4 55. Ne6 e3 56. Nd4+ Kf2 57. Ke6 Kg3 58. Kxd7 Kxh3
59. Ke6 Kxg4 60. Kxf6 Kf4 61. Ne2+ Kf3 62. Nd4+ Ke4 63. Ne2 g4 64. Kg5 Kf3 65.
Nd4+ Kg3 66. Nf5+ Kf2 67. Nxe3 Kxe3 68. Kxg4 {Normal} 1/2-1/2

[Event "Rated Blitz game"]
[Site "?"]
[Date "2021.02.27"]
[Round "?"]
[White "Swordoftheword16"]
[Black "Schachelite"]
[Result "0-1"]
[WhiteElo "2469"]
[BlackElo "2435"]
[PlyCount "54"]
[EventDate "2021.??.??"]
[EventType "blitz"]

1. e4 e5 2. Nf3 d5 3. exd5 e4 4. Qe2 Nf6 5. Nc3 Be7 6. Ng5 O-O 7. Ngxe4 Re8 8.
d3 Nxd5 9. Nxd5 Qxd5 10. Nc3 Qd8 11. Be3 c5 12. O-O-O Nc6 13. h4 Be6 14. Ne4
Qa5 15. a3 b5 16. Nxc5 b4 17. axb4 Nxb4 18. Nxe6 Na2+ 19. Kb1 Nc3+ 20. bxc3
Rab8+ 21. Kc1 Qxc3 22. Bc5 Bxc5 23. Nxc5 Rxe2 24. Bxe2 Rb2 25. Rd2 Ra2 26. Nb3
Ra1+ 27. Nxa1 Qxa1# {Normal} 0-1

[Event "Rated Blitz game"]
[Site "?"]
[Date "2021.02.27"]
[Round "?"]
[White "HGabor"]
[Black "Schachelite"]
[Result "0-1"]
[WhiteElo "2382"]
[BlackElo "2435"]
[PlyCount "102"]
[EventDate "2021.??.??"]
[EventType "blitz"]

1. e4 e5 2. Nf3 d5 3. Nxe5 Bd6 4. d4 dxe4 5. Nc4 Nf6 6. Nxd6+ Qxd6 7. Be2 Nc6
8. Be3 O-O 9. O-O Rd8 10. c3 Ne7 11. Nd2 b6 12. Nc4 Qe6 13. Ne5 Bb7 14. Bc4
Nfd5 15. Bb3 b5 16. a4 f6 17. Ng4 h5 18. Nh6+ gxh6 19. Qxh5 bxa4 20. Rxa4 f5
21. Bxh6 Qg6 22. Qh4 Kf7 23. Bg5 Rh8 24. Qg3 Rag8 25. Bxe7 Qxg3 26. fxg3 Kxe7
27. Rxa7 Rb8 28. Rxf5 Ne3 29. Re5+ Kd6 30. c4 Rhf8 31. c5+ Kd7 32. Be6+ Kc6 33.
h3 Rf1+ 34. Kh2 Rd1 35. Rxe4 Nf1+ 36. Kg1 Nxg3+ 37. Kf2 Nxe4+ 38. Ke2 Rxd4 39.
Ke3 Kxc5 40. Rxb7 Rxb7 41. b4+ Rbxb4 42. Kf4 Nd6+ 43. Ke5 Re4+ 44. Kf6 Rxe6+
45. Kxe6 Rb2 46. g4 Rh2 47. h4 Rxh4 48. Kf6 Rxg4 49. Ke5 Re4+ 50. Kf6 Kd5 51.
Kg7 c5 {Normal} 0-1

[Event "Rated Blitz game"]
[Site "?"]
[Date "2021.02.27"]
[Round "?"]
[White "Chess289"]
[Black "Schachelite"]
[Result "0-1"]
[WhiteElo "2503"]
[BlackElo "2459"]
[PlyCount "111"]
[EventDate "2021.??.??"]
[EventType "blitz"]

1. e4 e5 2. Nf3 d5 3. exd5 e4 4. Qe2 Nf6 5. Nc3 Be7 6. Nxe4 O-O 7. d3 Re8 8.
Bg5 Nxd5 9. Bxe7 Rxe7 10. O-O-O f5 11. Qd2 fxe4 12. dxe4 Rxe4 13. Qxd5+ Qxd5
14. Rxd5 Nc6 15. Bd3 Re8 16. Re1 Be6 17. Rh5 h6 18. Rxe6 Rxe6 19. Bc4 Rae8 20.
Ne5 g6 21. Nxg6 Kg7 22. Bxe6 Kxg6 23. Bg4 Re1+ 24. Kd2 Rg1 25. Bf3 Nd4 26. Rd5
Nxf3+ 27. gxf3 Rg2 28. Ke2 Rxh2 29. Rd7 b6 30. Rxc7 Rh1 31. Rxa7 Rb1 32. b3 Rb2
33. Kd2 h5 34. Ra6 h4 35. Rxb6+ Kg5 36. Rb8 Rxa2 37. Rh8 Ra7 38. Kd3 Rd7+ 39.
Kc3 Rd6 40. Kb2 Rh6 41. Rg8+ Kf4 42. Rg1 Kxf3 43. c4 Kxf2 44. Rh1 h3 45. Kc3
Kg2 46. Re1 h2 47. b4 Kf2 48. Rc1 h1=Q 49. Rxh1 Rxh1 50. b5 Ke3 51. Kb4 Kd4 52.
b6 Rb1+ 53. Ka5 Kc5 54. Ka6 Rxb6+ 55. Ka7 Rb1 56. Ka6 {Normal} 0-1

[Event "Rated Rapid game"]
[Site "?"]
[Date "2021.02.27"]
[Round "?"]
[White "judge02"]
[Black "Mcfcgoater"]
[Result "0-1"]
[WhiteElo "2456"]
[BlackElo "2335"]
[PlyCount "24"]
[EventDate "2021.??.??"]
[EventType "rapid"]

1. e4 e5 2. Nf3 d5 3. exd5 Bd6 4. Nc3 Nf6 5. Bb5+ c6 6. dxc6 Nxc6 7. d3 Bg4 8.
h3 Bh5 9. Bg5 O-O 10. Ne4 Be7 11. Ng3 Bxf3 12. gxf3 Qa5+ {Normal} 0-1

[Event "Rated Blitz tournament 8eiPT1b9"]
[Site "?"]
[Date "2021.02.27"]
[Round "?"]
[White "YSA_kbpl"]
[Black "GrandeGila"]
[Result "0-1"]
[WhiteElo "2352"]
[BlackElo "2452"]
[PlyCount "80"]
[EventDate "2021.??.??"]
[EventType "blitz"]

1. e4 e5 2. Nf3 d5 3. d4 dxe4 4. Nxe5 Bd6 5. Nc4 Nc6 6. Nc3 Bb4 7. Be3 Nf6 8.
Be2 Nd5 9. Bd2 Nxd4 10. Nxd5 Bxd2+ 11. Qxd2 Qxd5 12. O-O-O Nxe2+ 13. Qxe2 Qe6
14. Rhe1 O-O 15. Qxe4 Qxe4 16. Rxe4 Be6 17. Ne5 Rfd8 18. Red4 Rxd4 19. Rxd4 Kf8
20. b3 Ke7 21. f4 g6 22. g3 f6 23. Nd3 b6 24. Nf2 c5 25. Rd2 Rd8 26. Rxd8 Kxd8
27. Kd2 Kd7 28. a3 Bd5 29. b4 cxb4 30. axb4 Kc6 31. Kc3 Kb5 32. Nd3 a5 33. bxa5
bxa5 34. Kd4 Bf7 35. Nc5 a4 36. Ne4 Kb4 37. Nd2 a3 38. c3+ Ka4 39. c4 a2 40.
Nb3 Kxb3 {Normal} 0-1

[Event "Rated Blitz game"]
[Site "?"]
[Date "2021.02.27"]
[Round "?"]
[White "hima_saber80"]
[Black "KamranShirazi"]
[Result "1-0"]
[WhiteElo "2426"]
[BlackElo "2515"]
[PlyCount "101"]
[EventDate "2021.??.??"]
[EventType "blitz"]

1. e4 e5 2. Nf3 d5 3. exd5 e4 4. Nd4 Qxd5 5. c3 Bd6 6. b3 c5 7. Nc2 f5 8. d3
Nf6 9. Ne3 Qc6 10. d4 cxd4 11. cxd4 f4 12. Nc4 Bb4+ 13. Bd2 Na6 14. Ne5 Qd5 15.
Bxa6 Bxd2+ 16. Qxd2 bxa6 17. Nc3 Qd6 18. O-O f3 19. gxf3 exf3 20. Nxf3 O-O 21.
Rfe1 Bb7 22. Ne5 Rad8 23. Rad1 Nd7 24. Qe3 Rf6 25. Ne4 Rg6+ 26. Nxg6 Qxg6+ 27.
Ng3 Nf6 28. Qe6+ Kh8 29. Qf5 Qh6 30. d5 Bc8 31. Qe5 Rg8 32. f3 Qh3 33. d6 Bd7
34. Qf4 h6 35. Re7 Bb5 36. Rde1 Rd8 37. Nf5 Nh5 38. Qg4 Qxg4+ 39. fxg4 Nf6 40.
Nxg7 Nxg4 41. Ne6 Rxd6 42. Nf4 Rd2 43. Ng6+ Kg8 44. Nh4 Nxh2 45. Rc7 Kf8 46.
Ree7 Rd6 47. Kxh2 h5 48. Rh7 Kg8 49. Nf5 Rd2+ 50. Kg3 Rd3+ 51. Kh4 {Time
forfeit} 1-0

[Event "Rated Blitz game"]
[Site "?"]
[Date "2021.02.27"]
[Round "?"]
[White "hima_saber80"]
[Black "KamranShirazi"]
[Result "0-1"]
[WhiteElo "2441"]
[BlackElo "2501"]
[PlyCount "120"]
[EventDate "2021.??.??"]
[EventType "blitz"]

1. e4 e5 2. Nf3 d5 3. exd5 e4 4. Qe2 f5 5. d3 Nf6 6. dxe4 fxe4 7. Nc3 Bb4 8.
Bd2 O-O 9. Nd4 Bxc3 10. Bxc3 Nxd5 11. Qd2 e3 12. fxe3 Nxe3 13. Qxe3 Re8 14.
Bc4+ Kh8 15. Ne6 Qh4+ 16. Qg3 Qxg3+ 17. hxg3 Bxe6 18. Bxe6 Rxe6+ 19. Kf2 Nc6
20. Rhe1 Rf8+ 21. Kg1 Rfe8 22. Red1 Kg8 23. Rd7 R6e7 24. Rad1 Rxd7 25. Rxd7 Re7
26. Rxe7 Nxe7 27. Kf2 Nd5 28. Bd2 Kf7 29. Kf3 Ke6 30. Ke4 c5 31. c4 Nf6+ 32.
Kf4 h6 33. Bc3 g5+ 34. Ke3 Ng4+ 35. Kf3 Nh2+ 36. Ke4 Nf1 37. g4 Nh2 38. Bg7
Nxg4 39. Kf3 Kf5 40. Bf8 Ne5+ 41. Kg3 Nxc4 42. Bxh6 Nxb2 43. Kf3 Na4 44. g4+
Kg6 45. Bf8 Kf6 46. Ke4 Nc3+ 47. Kd3 Nxa2 48. Bxc5 a6 49. Kc2 a5 50. Kb3 Nb4
51. Ka4 Nc6 52. Kb5 Ne5 53. Kxa5 b6+ 54. Kxb6 Nd7+ 55. Kc6 Nxc5 56. Kxc5 Ke5
57. Kc4 Kf4 58. Kd3 Kxg4 59. Ke2 Kg3 60. Kf1 Kh2 {Normal} 0-1

[Event "Rated Blitz game"]
[Site "?"]
[Date "2021.02.27"]
[Round "?"]
[White "hima_saber80"]
[Black "KamranShirazi"]
[Result "0-1"]
[WhiteElo "2439"]
[BlackElo "2503"]
[PlyCount "46"]
[EventDate "2021.??.??"]
[EventType "blitz"]

1. e4 e5 2. Nf3 d5 3. d4 dxe4 4. Nxe5 Nd7 5. Qe2 Ngf6 6. Nc3 Bb4 7. Bd2 Bxc3 8.
Bxc3 O-O 9. O-O-O Nd5 10. Be1 f5 11. f3 exf3 12. gxf3 c6 13. Rg1 Nxe5 14. dxe5
Qe7 15. c4 Nf4 16. Qe3 Ng6 17. f4 Be6 18. Bc3 Rad8 19. Be2 b5 20. cxb5 cxb5 21.
Bxb5 Bxa2 22. Rd6 Rxd6 23. exd6 Qxe3+ {Normal} 0-1

[Event "Rated Blitz game"]
[Site "?"]
[Date "2021.02.27"]
[Round "?"]
[White "gmadham"]
[Black "Melitopol_Chery"]
[Result "1/2-1/2"]
[WhiteElo "2544"]
[BlackElo "2374"]
[PlyCount "167"]
[EventDate "2021.??.??"]
[EventType "blitz"]

1. e4 e5 2. Nf3 d5 3. exd5 e4 4. Qe2 Nf6 5. Nc3 Be7 6. Nxe4 O-O 7. d3 Qxd5 8.
Bg5 Nbd7 9. Nc3 Bb4 10. Qd2 Re8+ 11. Be2 Qe6 12. O-O h6 13. Bxf6 Nxf6 14. Rfe1
Bd7 15. Bf1 Qf5 16. a3 Ba5 17. Rxe8+ Bxe8 18. Re1 Bc6 19. Re5 Bxc3 20. Qxc3 Qg4
21. h3 Qd7 22. Nd4 Bd5 23. Nf5 Re8 24. Rxe8+ Nxe8 25. Qe5 Be6 26. Nd4 Ba2 27.
g3 Nd6 28. Bg2 c6 29. h4 f6 30. Qe3 Bf7 31. Kh2 Kf8 32. Bh3 Qe7 33. Qxe7+ Kxe7
34. Nf5+ Nxf5 35. Bxf5 c5 36. Be4 b6 37. Kg2 Kd6 38. Kf3 Ke5 39. Ke3 Kd6 40. d4
a5 41. f4 b5 42. Bd3 b4 43. dxc5+ Kxc5 44. axb4+ axb4 45. c3 Bd5 46. g4 Be6 47.
g5 hxg5 48. fxg5 fxg5 49. hxg5 bxc3 50. bxc3 Bd5 51. Kf4 Kd6 52. Kf5 Bf7 53. g6
Be8 54. Kg5 Ke5 55. c4 Bc6 56. c5 Kd4 57. Bf1 Kxc5 58. Kf5 Kd6 59. Be2 Bd7+ 60.
Kg5 Bc6 61. Bf3 Be8 62. Bg4 Ke7 63. Bf5 Bc6 64. Bg4 Bd5 65. Bf5 Bf7 66. Bd3
Bxg6 67. Bxg6 Kf8 68. Kf5 Kg8 69. Ke5 Kh8 70. Ke6 Kg8 71. Ke7 Kh8 72. Ke8 Kg8
73. Kd8 Kh8 74. Kd7 Kg8 75. Ke7 Kh8 76. Ke6 Kg8 77. Kd6 Kh8 78. Kd7 Kg8 79. Kc7
Kh8 80. Kd8 Kg8 81. Ke8 Kh8 82. Ke7 Kg8 83. Ke8 Kh8 84. Kf7 {Normal} 1/2-1/2

[Event "Rated Blitz game"]
[Site "?"]
[Date "2021.02.26"]
[Round "?"]
[White "ustedesunmarrano"]
[Black "annaly1979"]
[Result "0-1"]
[WhiteElo "2502"]
[BlackElo "2343"]
[PlyCount "56"]
[EventDate "2021.??.??"]
[EventType "blitz"]

1. e4 e5 2. Nf3 d5 3. exd5 e4 4. Nd4 c5 5. dxc6 Qxd4 6. Bb5 bxc6 7. c3 Qc5 8.
Ba4 Nf6 9. Qe2 Bd6 10. Bc2 O-O 11. b4 Qg5 12. g3 Bg4 13. Qe3 Qh5 14. h4 Bf3 15.
Rg1 Ng4 16. Qd4 Be5 17. Qc4 Nd7 18. Qxc6 Ndf6 19. Qa6 Rad8 20. Na3 e3 21. fxe3
Nxe3 22. Bb3 Nd1 23. Nc4 Nxc3 24. Bb2 Rfe8 25. Ne3 Nce4 26. Bxe5 Qxe5 27. Rc1
Nxd2 28. Kf2 Qxe3# {Normal} 0-1

[Event "Rated Blitz game"]
[Site "?"]
[Date "2021.02.26"]
[Round "?"]
[White "Just__kidding"]
[Black "annaly1979"]
[Result "1-0"]
[WhiteElo "2485"]
[BlackElo "2308"]
[PlyCount "141"]
[EventDate "2021.??.??"]
[EventType "blitz"]

1. e4 e5 2. Nf3 d5 3. Nc3 dxe4 4. Nxe4 f5 5. Nc3 e4 6. Ng1 Bc5 7. Qe2 Nf6 8. d3
O-O 9. dxe4 Bb6 10. Bg5 Nc6 11. Nf3 Be6 12. e5 h6 13. exf6 Bf7 14. Be3 Qxf6 15.
O-O-O Ba5 16. Bd4 Nxd4 17. Nxd4 Bxc3 18. bxc3 c5 19. Nb3 Qxc3 20. Qf3 Qb4 21.
c3 Qa3+ 22. Kb1 Bxb3 23. axb3 Qxb3+ 24. Kc1 Qa3+ 25. Kc2 Qa2+ 26. Kc1 Rfd8 27.
Bd3 Qa3+ 28. Kc2 Qa2+ 29. Kc1 Qa1+ 30. Bb1 Qa3+ 31. Kc2 Qa4+ 32. Kb2 Rxd1 33.
Qxd1 Qb5+ 34. Qb3+ Qxb3+ 35. Kxb3 Re8 36. Bxf5 Re2 37. Rf1 b5 38. c4 a6 39. Bd7
bxc4+ 40. Kxc4 Rc2+ 41. Kd5 Kf8 42. Ba4 Ra2 43. Bb3 Rb2 44. Kc4 a5 45. Ra1 Rxf2
46. Ra2 Rf4+ 47. Kxc5 Rb4 48. Bd5 Rg4 49. Rxa5 h5 50. h3 Rg3 51. Ra7 g5 52. Kd6
Re3 53. Be6 g4 54. hxg4 hxg4 55. Bxg4 Rg3 56. Bf3 Rg6+ 57. Ke5 Rb6 58. Kf5 Rd6
59. g4 Rd3 60. Be4 Rd6 61. g5 Rb6 62. g6 Rb5+ 63. Kf6 Rb6+ 64. Kg5 Rd6 65. Bf5
Kg8 66. Ra8+ Kg7 67. Ra7+ Kg8 68. Re7 Rb6 69. Be6+ Kf8 70. Kf6 Rxe6+ 71. Rxe6 {
Normal} 1-0